LEADER 01190nam0-22004331i-450 001 990003818250403321 005 20200327123244.0 010 $a88-15-03614-8 035 $a000381825 035 $aFED01000381825 035 $a(Aleph)000381825FED01 035 $a000381825 100 $a20120322d1992----km-y0itay50------ba 101 0 $aita 102 $aIT 105 $ay-------001yy 200 1 $aGoverno del leader e regime dei partiti$fLuciano Cavalli 210 $aBologna$cil Mulino$dc1992 215 $a298 p.$d21 cm 225 1 $aUniversale paperbacks$v267 610 0 $aPartiti politici$aItalia 610 0 $aPolitica$aLeader$aAspetti sociali 676 $a306.26 700 1$aCavalli,$bLuciano$032744 801 0$aIT$bUNINA$gRICA$2UNIMARC 901 $aBK 912 $a990003818250403321 952 $a306.26 CAV 1$b3814$eBFS 952 $aDP VII - 440$b14925$fDEC 952 $aDP VII-440$b14925$fDEC 952 $aCOLLEZ. 28 (267)$b18593$fFSPBC 952 $aTT 571$b2521$fDDCIC 959 $aDEC 959 $aDEC 959 $aBFS 959 $aFSPBC 959 $aDDCIC 996 $aGoverno del leader e regime dei partiti$9506052 997 $aUNINA LEADER 01424nam0 22003611i 450 001 LO11193180 005 20251003044215.0 010 $a2707114286 100 $a20130827d1983 ||||0itac50 ba 101 | $afre 102 $afr 181 1$6z01$ai $bxxxe 182 1$6z01$an 183 1$6z01$anc$2RDAcarrier 200 1 $aˆLa ‰robotique$fBenjamin Coriat 210 $aParis$cLa Découverte-Maspero$d1983 215 $a126 p.$d18 cm. 225 | $aRepères 410 0$1001BVE0017701$12001 $aRepères 606 $aAutomazione$xApplicazioni$2FIR$3LO1C772082$9I 606 $aRobot$2FIR$3LO1C015161$9I 676 $a629.892$9CONTROLLO AUTOMATICO MEDIANTE ELABORATORE. ROBOT$v23 696 $aInformatizzazione$aComputerizzazione 699 $aAutomazione$yInformatizzazione 699 $aAutomazione$yComputerizzazione 801 3$aIT$bIT-000000$c20130827 850 $aIT-BN0095 901 $bNAP 01$cPOZZO LIB.$nVi sono collocati fondi di economia, periodici di ingegneria e scienze, periodici di economia e statistica e altri fondi comprendenti documenti di economia pervenuti in dono. 912 $aLO11193180 950 0$aBiblioteca Centralizzata di Ateneo$c1 v.$d 01POZZO LIB.F. SANTI 706$e 0101 0060034685E VMA 1 v. (Precedente collocazione S 736)$fB $h20221114$i20221114 977 $a 01 996 $aRobotique$94401929 997 $aUNISANNIO